|
|
|
|
| LEADER |
01453nam a2200337 a 4500 |
| 001 |
c000387217 |
| 003 |
CARM |
| 005 |
00000000000000.0 |
| 008 |
890310s1986 ce f00010 eng |
| 010 |
|
|
|a 88905907
|
| 019 |
1 |
|
|a 10609661
|5 LACONCORD2021
|
| 020 |
|
|
|c Rs15.00
|
| 035 |
|
|
|a (OCoLC)29429065
|5 LACONCORD2021
|
| 040 |
|
|
|a VDU
|c VDU
|
| 041 |
1 |
|
|a engsnh
|
| 043 |
|
|
|a a-ce---
|
| 050 |
0 |
0 |
|a HD1486.S83
|b P38 1986
|
| 082 |
0 |
4 |
|a 630.95493
|
| 100 |
1 |
|
|a Pathirana, Kumarasiri.
|
| 245 |
1 |
0 |
|a Small farmer organization project in Sri Lanka :
|b a report based on the training courses held from May 1984 to April 1985 and activities undertaken under the Small Farmer Organization Project /
|c Ranjith Kumarasiri Pathirana.
|
| 260 |
|
|
|a Colombo :
|b Agrarian Research and Training Institute,
|c 1986.
|
| 300 |
|
|
|a iv, 43 p. ;
|c 30 cm.
|
| 490 |
0 |
|
|a Documentation series ;
|v no. 11.
|
| 500 |
|
|
|a "English translation of ... [the author's] report"--Foreword.
|
| 650 |
|
0 |
|a Farmers
|z Sri Lanka
|x Societies, etc.
|
| 650 |
|
0 |
|a Agriculture
|x Economic aspects
|z Sri Lanka.
|
| 710 |
2 |
|
|a Agrarian Research and Training Institute.
|
| 830 |
|
0 |
|a Documentation series (Agrarian Research and Training Institute) ;
|v no. 11.
|
| 852 |
8 |
|
|b CARM
|h A3:AI19E0
|i F07828
|p 0480228
|f BK
|
| 999 |
f |
f |
|i 1d59f2d9-9fb9-5ddc-966c-839150c099c0
|s 4be082f7-9d70-5582-bb09-f48188be90bd
|
| 952 |
f |
f |
|p Can circulate
|a CAVAL
|b CAVAL
|c CAVAL
|d CARM 1 Store
|e F07828
|f A3:AI19E0
|h Other scheme
|i book
|m 0480228
|